[Event "FIDE World Cup-C"]
[Site "Shenyang"]
[Date "2000.09.02"]
[Round "2"]
[White "Fedorov, Alexei"]
[Black "Rizouk, Aimen"]
[Result "1/2-1/2"]
[WhiteElo "2646"]
[BlackElo "2350"]
[Annotator "Lukacs,P"]
[PlyCount "166"]
[EventDate "2000.09.01"]
[EventType "tourn"]
[EventRounds "5"]
[EventCountry "CHN"]
[EventCategory "15"]
[SourceTitle "CBM 079"]
[Source "ChessBase"]
[SourceDate "2000.11.21"]
[SourceVersion "1"]
[SourceVersionDate "2000.11.21"]
[SourceQuality "1"]

1. e4 e5 2. Bc4 Nc6 3. Nf3 Bc5 4. c3 d6 5. d3 Nf6 6. Nbd2 a6 7. Bb3 Ba7 8. Nf1
{Nowadays this idea of waiting with castles is getting more and more popular.
White wants to build up a pressure on the >> by h3-g4 and only then Ng3 and
the K may remain in the [+]. The other plan is Ng3 and then 0-0 sparing Re1 at
least for a while.} h6 (8... Ne7 9. Ng3 h6 (9... Ng6 $6 10. Bg5 $1 (10. O-O O-O
11. h3 h6 12. d4 Re8 (12... Ne8 13. Re1 c6 14. Bc2 Qc7 15. Be3 {1/2:1/2
Bologan-Onischuk, Tan Chin Nam Cup 2000}) 13. Bc2 c6 14. Be3 Qe7 15. Re1 $14 {
Degraeve-I.Sokolov, EUCup Sremic Krsko SLO 1998}) 10... h6 $5 (10... Be6 11.
Nh5 $1) (10... Kf8 $6 11. Nh5 (11. h3 h6 12. Be3 Nf4 {(Kreuzer-Lukacs, Spring
op Budapest 1992)} 13. O-O $14) 11... h6 12. Bxf6 gxf6 13. Ng3 Nf4 14. Rg1 $14)
11. Bxf6 gxf6 12. d4 Nf4 13. Rg1) 10. O-O Ng6 11. h3 O-O 12. d4) (8... Ng4 $5 {
is a direct approach to punish White for neglecting 0-0.} 9. Ne3 (9. d4 $6 {
is a successful provocation in the [+].} exd4 10. cxd4 Nf6 $1 {and now both ><
d4 and >< e4 are present targets.} (10... Qf6 {pushes too hard:} 11. h3 Nxf2
12. Kxf2 Bxd4+ 13. Be3 Bxe3+ 14. Nxe3 Qxb2+ 15. Qd2 Qxd2+ 16. Nxd2 Nd4 17. Nd5
$16 {and the piece is more valuable here than three pawns, Degraeve-Marciano,
Belfort 1997.}) 11. Ng3 (11. d5 {opens up the /^ for the a7 B and closes the /
^ of his own one.} Ne5) 11... Bg4 12. Be3 d5 $1 13. e5 Ne4 {and all the black
pieces are on their right place in this P structure.} 14. Bc2 f5 15. exf6 (15.
h3 Bxf3 16. gxf3 Nxg3 17. fxg3 Nxe5 $1 18. Qe2 Nc6 19. Bg5+ Ne7 20. O-O-O h6)
15... Nxf6 16. h3 (16. O-O O-O) 16... Bxf3 17. gxf3 (17. Qxf3 $2 {is simply
not correct.} Bxd4 18. Nf5 Bxb2 19. Rb1 Bc3+ 20. Kf1 Qd7 21. Rxb7 O-O 22. g4
Na5 (22... Ne5 {is not bad either:} 23. Qd1 Nc4 24. g5 Nxe3+ 25. Nxe3 (25. fxe3
Ne8) 25... Qc6 $17) 23. Rb1 Nc4 24. g5 Ne4 25. Bxe4 {(Degraeve-Tkachiev,
Corsica rapid op 1997)} Nxe3+ $1 26. Qxe3 dxe4 $19) 17... Ne7 $132) 9... Nxe3
10. Bxe3 Bxe3 11. fxe3 O-O {This P structure is not so bad for Black in
general.} 12. O-O Na5 $6 (12... Be6 $5) 13. Bc2 Be6 14. b4 Nc6 15. d4 Bg4 16.
Qe1 Bh5 17. Qg3 Bg6 18. Nh4 Qe7 19. Rf3 Rae8 20. Raf1 $14 {with some some
space advantage, Tiviakov-Van den Doel, NED-ch Rotterdam 2000.}) 9. Ng3 O-O 10.
Qe2 (10. h3 Be6 (10... d5 11. exd5 Nxd5 {Now Black has a strong [+]. This sort
of position is only good for White if he can create direct tactical threats
against >< e5 or the >>.} 12. O-O Re8 13. Re1 Nf6 14. Bc2 Qd6 15. Nh4 Ne7 16.
Bb3 g5 {How brave!} 17. Nf3 Nf5 18. Nxf5 Bxf5 19. Be3 Bxe3 20. Rxe3 Rad8 21.
Qe1 {(Tkachiev-Guyard, Corsica rap op 1997)} e4 $1 $11) 11. Nh2 Bxb3 (11... Qd7
12. Qf3 Bxb3 13. axb3 Nh7 14. Ng4 Ne7 15. O-O c6 16. Ne3 Bxe3 $1 {This is a
typical exchange in this structure.} 17. fxe3 g6 18. d4 h5 19. Qd1 Rae8 20. c4
(20. dxe5 Nc8 21. exd6 h4 22. Ne2 Nxd6 $132) 20... Nc8 21. d5 cxd5 22. cxd5 f5
23. b4 Nf6 24. b3 {1/2:1/2 Kasimdzhanov-Piket, Hoogovens Wijk aan Zee 1999})
12. axb3 d5 13. Qf3 dxe4 14. dxe4 Nh7 15. h4 Qd7 16. Ng4 Rad8 17. O-O Qd3 18.
Ne3 Bxe3 $1 {The same motif again!} 19. Bxe3 Ne7 {Black's worst piece is his N
on c6.} 20. Rfd1 Qb5 21. b4 b6 22. b3 Qc6 23. c4 Rxd1+ 24. Rxd1 f5 $11 {
Tkachiev-Flear, Clichy 1995}) (10. O-O Be6 (10... Kh8 {/\ f5 seems to be a bit
sophisticated here.} 11. h3 Be6 12. Nh2 {/\ Qf3} Qd7 13. Qf3 Bxb3 14. axb3 Qe6
15. b4 d5 16. Ng4 dxe4 17. dxe4 Nxg4 18. hxg4 Ne7 19. Nf5 $14 {with an
excellent N on f5, Beshukov-Stefansson, New York op 1996.}) 11. h3 (11. Re1 Qd7
12. h3 Rad8 {/\ d5} 13. Qe2 Rfe8 14. Kh2 d5 15. Bc2 d4 $13 {Velicka-Sherzer,
Brno-B 1993}) 11... d5 12. Qe2 Re8 $13) 10... Ne7 {/\ Ng6} (10... Be6 11. O-O
Re8 12. Bxe6 Rxe6 13. Be3 Bxe3 14. Qxe3 d5 {Black has evened out completely.}
15. Rad1 Qf8 16. Rfe1 Rd8 17. Qe2 g6 $11 {Nelksans-Ch.Gabriel, EU -chT Batumi
1999}) 11. Nh4 {against Ng6} (11. O-O Ng6 $11) 11... Be6 (11... Bg4 {looks
also sufficient for equalization.} 12. Qc2 (12. Nf3 Ng6 $15) (12. f3 {is a
successful provocation.} Be6 $15) 12... d5 $13) 12. h3 Kh7 (12... Bxb3 13. axb3
d5 14. Nhf5 Nxf5 15. Nxf5 c6 16. Qf3 $14 {and again the strong N on f5 secures
White a slight edge.}) 13. Bc2 Nfg8 14. Be3 Bxe3 15. fxe3 Ng6 16. Nf3 (16. Nhf5
Nh4 $1 {fighting against White's only hope, the excellent f5 N.} (16... N6e7
17. Qf3) 17. O-O g6 18. Nxh4 Qxh4 19. Qf3 Kg7 $11 {and there is no real
pressure on the f <->.}) 16... Nh4 17. O-O Nxf3+ 18. Rxf3 g6 19. Raf1 f6 20. d4
Qe7 {Black's position seems to be rock-solid.} (20... Bxa2 $2 21. b3) 21. a3 a5
22. R1f2 b6 23. Nf1 h5 24. Nd2 Nh6 25. Rf1 Rf7 26. Qf2 Raf8 27. Qh4 $2 {
White is pushing too hard, losing his sense of danger.} (27. b4 axb4 28. axb4)
27... Kg7 28. Rg3 (28. Qg3 g5) 28... Rh8 29. Nf3 $2 {[#] Overlooking Blacks
witty riposte.} (29. d5 Bd7) (29. Bb3 Bxb3 30. Nxb3 g5 $1) (29. Rgf3 g5 30. Qe1
h4) 29... Ng4 $1 $17 {[%mdl 64] and the Q is trapped!} 30. hxg4 hxg4 31. Rxg4
Rxh4 32. Rxh4 {White had to give his Q for a R and a N, which is not an
adequate compensation. However from now on with heroic efforts he defends
himself fiercly, and not without the help of his opponent saves the day.} Rf8
33. Kf2 Rh8 34. Rxh8 Kxh8 35. Ke1 Kg7 36. Kd2 Qe8 37. b4 (37. b3 c6) 37... axb4
38. axb4 Qa8 39. Rb1 g5 ({or} 39... Qa2 40. b5 Qa5 $19) 40. d5 Bg4 $6 {This
allows White to build up a blockade on the <<.} (40... Bd7 41. b5 Qa5 42. Bd3
Qa2+ 43. Bc2 g4 44. Nh4 (44. Ne1 f5) 44... f5 $1 $19 {ruins White's defensive
bastions.}) 41. b5 $1 Qh8 42. Bd3 Qa8 43. Ne1 Qa2+ 44. Bc2 f5 45. Nd3 $1 fxe4
46. Nb4 Qc4 47. Re1 Qxb5 48. Bxe4 Qe8 49. Rh1 Bh5 50. g4 Bg6 51. Bf3 Qa8 52. e4
Qf8 (52... Qa5 53. Rf1) 53. Ke2 Be8 54. c4 Bd7 55. Ra1 Qc8 56. Rg1 Qh8 57. Rc1
Qa8 58. Nd3 Bc8 59. Kd2 Qa2+ 60. Rc2 Qa1 61. Nf2 Qg1 62. Ke3 Ba6 63. Be2 Qg3+
64. Bf3 Qf4+ 65. Ke2 b5 $5 (65... Kg6 66. Nd3 Qh2+ 67. Nf2) 66. Ra2 Bc8 (66...
b4 $5 67. Rxa6 b3 68. Nd3 Qh2+ 69. Ke3 b2 70. Nxb2 Qxb2 71. Rc6 Qd4+ 72. Ke2
Qa7 $15) 67. Ra7 Kg6 $2 {Why to throw away the material gains?} (67... Qf7 68.
cxb5 Bd7 $1 69. Rb7 Kg6 70. Nd3 Qf8 71. Rxc7 Bxb5 72. Rc3 Qf4 $17) 68. Rxc7 Qf8
69. c5 {Now White has also a dangerous o^.} (69. cxb5 Qd8 70. b6 Ba6+ 71. Ke1
Qb8 72. Rc6 Bb5) 69... dxc5 70. Nd3 Qh8 (70... Kf6 $5 71. Rc6+ Ke7 72. Rxc5 Qh8
73. Rxb5 Qh2+ 74. Ke3 Qg1+ 75. Kd2 Bxg4 76. Bxg4 Qxg4 77. Rb7+ Kd6 78. Rb6+ Kc7
79. Rc6+ Kd8 80. Rd6+ Kc7 81. Rc6+ Kb8 82. Nc5 $132) 71. Rxc5 b4 72. Ke3 b3 73.
Rb5 Qh2 74. Rxb3 $11 {Now White can build up an unpregnable fortress.} Kg7 75.
d6 Qg1+ 76. Kd2 Qd4 77. Rb5 Qxd6 78. Rxe5 Kf6 79. Rc5 Qh2+ 80. Kc3 Be6 81. e5+
Ke7 82. Rc7+ Kd8 83. Rc6 Ke7 1/2-1/2

[Event "USA-ch"]
[Site "Seattle"]
[Date "2003.01.12"]
[Round "4"]
[White "Finegold, Benjamin"]
[Black "Muhammad, Stephen A"]
[Result "1/2-1/2"]
[WhiteElo "2551"]
[BlackElo "2368"]
[Annotator "Lukacs,P"]
[PlyCount "80"]
[EventDate "2003.01.09"]
[EventType "swiss"]
[EventRounds "9"]
[EventCountry "USA"]
[SourceTitle "CBM 093"]
[Source "ChessBase"]
[SourceDate "2003.04.01"]
[SourceVersion "1"]
[SourceVersionDate "2003.04.01"]
[SourceQuality "1"]

1. e4 e5 2. Nf3 Nc6 3. Bc4 Bc5 4. c3 Nf6 5. d4 exd4 6. cxd4 Bb4+ 7. Nc3 Nxe4 8.
O-O Bxc3 9. d5 Bf6 10. Re1 Ne7 11. Rxe4 d6 12. Bg5 Bxg5 13. Nxg5 h6 14. Qh5 $6
{Leaving the main line in this well-analysed sharp variation is dangerous.} (
14. Nxf7 $6 {is also inferior in view of} Kxf7 15. Qf3+ (15. Qh5+ g6 16. Qf3+
Nf5 17. g4 Rf8 18. gxf5 Kg7 $15 {and the f5 P will fall.}) 15... Nf5 $1 16. g4
Rf8 17. gxf5 Kg8 18. Kh1 Bxf5 19. Rf4 Qf6 $17 {Singh-Chapman, Dubai ol 1986}) (
14. Bb5+ $6 {is another old mistake:} Bd7 15. Qe2 Bxb5 16. Qxb5+ Qd7 17. Qe2
Kf8 $1 $17 {and White's dreams of -> cannot be realized, Barczay-L.Portisch,
HUN-ch 1969.}) (14. Qe2 $142 {is the well-trodden path here.} hxg5 15. Re1 (15.
Re3 Bd7 16. Re1 O-O 17. Rxe7 Re8 {and White cannot make use of the e <->.} 18.
Re4 Qf6 19. Bd3 g6 $17 {Edelman-Lief, USA 1987}) (15. Bb5+ Bd7 16. Re1 Bxb5 17.
Rxe7+ Kf8 18. Qxb5 Qxe7 19. Rxe7 Kxe7 20. Qxb7 Rhc8 21. h3 Kd8 22. Qc6 Rab8 23.
Qc3 f6 {Two rooks are more valuable than the Q in this type of _|_.} 24. b4 {
(Girod-Multala, corr 1984)} Rb6 $1 25. a4 a6 26. Qd3 Ke7 27. Qg6 Kf8 $15) 15...
Be6 16. dxe6 (16. Re3 Kf8 17. dxe6 f6 {- 16.dxe6}) 16... f6 {White's dangerous
o^ is well-blockaded, and if Black can consolidate his position, his chances
are better.} 17. Re3 $1 {/\ Rh3 is a typical method here.} Kf8 $5 (17... c6 18.
Rh3 Rxh3 19. gxh3 Qa5 $1 $132) 18. Bd3 $1 (18. Qd3 {(Fuchs-Acs, Austria tt
1996)} c6 $1 {/\ d5} 19. Rh3 Rxh3 20. Qxh3 Kg8 21. Qh5 (21. Bd3 g6) 21... Qe8
$15) (18. Rh3 Rxh3 19. gxh3 g6 20. Qf3 (20. h4 gxh4 21. Qe4 Kg7 22. Qxb7 Qc8
23. Qe4 Rb8 24. b3 (24. Qxh4 Rb4 25. Qd4 Qb7 $17) 24... Qb7 25. Qxh4 Rh8 26.
Qg3 {(1/2:1/2 Le Blancq-Williams, Wales 1988)} Rh5 {In the _|_ Black's chances
are preferable.} 27. h4 (27. f4 Qb6+ 28. Kg2 d5 $17) 27... Nf5 28. Qg2 Qxg2+
29. Kxg2 Kf8 $1 $15) 20... Kg7 21. Qxb7 Qc8 $1 22. Qf3 Rb8 23. b3 (23. Bb3 Qb7
24. Qc3 Qb4 {Finally White cannot avoid the exchange of queens.} 25. Rd1 Qxc3
26. bxc3 Rb5 27. Rd4 f5 28. h4 g4 29. h3 gxh3 $15 {Videki-Pa.Petran, Ajka 1991}
) (23. Re2 Qb7 24. Qd3 d5 {if Black's [+] advances, White is in a big trouble..
.} 25. Ba6 Qc6 26. Rc2 Qd6 $17 {Rubach-Zacharias, Bargteheide op 1989}) 23...
Qb7 24. Qd3 Rh8 25. Ba6 Qb6 26. Rc1 Rh4 27. Qb5 c6 28. Qxb6 axb6 29. Bb7 Rh8
30. b4 {/\ a4} b5 31. Rc2 f5 32. a4 bxa4 33. Bxc6 Nxc6 34. Rxc6 Kf6 $11 {
Pyhala-Dobrovolsky, Odessa 1989}) 18... Qe8 (18... c6 $2 {allows White's
hidden threat} 19. Bg6 $1 Qa5 20. Bf7 $44 {Classen-Gypser, Goch op 1999}) 19.
Rh3 (19. Rc1 c6) 19... Rxh3 20. gxh3 g6 21. Qf3 (21. h4 gxh4 22. Qf3 Kg7 23.
Qxb7 Qb8 24. Qf3 Qb4 $13) 21... Kg7 22. Qxb7 Qb8 $1 23. Qe4 (23. Qf3 Qb4) 23...
d5 24. Qa4 c6 {(1/2:1/2 A.Perez-Y.Perez, Cuba 1996)} 25. Qa3 Qc7 26. Qc5 a5 $1
$13 {A.Perez}) 14... O-O $1 {Black can bravely castle into the " attack".} 15.
Rae1 (15. Nf3 Ng6 {consolidates Black's position completely.}) 15... Ng6 (15...
Nf5 {is less clear:} 16. Nf3 (16. Nxf7 $2 Qf6 $19) (16. Ne6 $2 {founders on
the blockading move} fxe6 17. dxe6 Ne7 $1 {after which the game is over.} 18.
Rg4 Rf6 19. Rg6 Rxg6 20. Qxg6 Qf8 21. Qe4 a5 22. Re3 d5 23. Bxd5 Ra6 24. Rf3
Qe8 25. Bb3 Qc6 26. Qf4 Bxe6 27. Qf8+ Kh7 $19 {Armanda-Dumitrache, Budapest
1993}) 16... Qf6 17. g4 Ne7 18. Rxe7 (18. g5 Qg6 19. Qxg6 Nxg6 $15) 18... Qxf3
19. h3 Qf6 20. b3 $44 {and Black has problems with his development.}) 16. Ne6
$6 {Continuing the wrong plan.} ({The modest} 16. Nf3 {was more to the point.}
Qf6 $15) 16... fxe6 17. Qxg6 e5 18. Rxe5 {White grabs his chances, but Black
has a witty defence.} (18. R4e3 {Here White has no compensation at all for the
P.} Bf5 (18... Qf6 19. Qc2 Bf5 $17 (19... Bd7 20. Rc1 Rae8 21. Qe2 Kh8 22. Rb3
$15 {1/2:1/2 Oliva-Voller, Bratislava 1993})) 19. Qg3 Qf6 $17) 18... dxe5 (
18... Qf6 $2 19. Qxf6 Rxf6 {allows the penetration on the e <->.} 20. Re7 Rf7
21. Re8+ Rf8 22. R1e7 Rxe8 (22... Bf5 23. Rxa8 Rxa8 24. Rxc7 $16) 23. Rxe8+ Kf7
{(Voicu-Orsagova, Bratislava 1993} 24. Bb5 $1 $16) 19. d6+ Kh8 20. Bd3 Bf5 $1 {
This strong defensive move was probably overlooked by White.} (20... Kg8 $2 {
leads only to perpetual after} 21. Qh7+ Kf7 22. Qg6+ $11 (22. Bc4+ $2 Kf6)) 21.
Bxf5 Rxf5 22. Qxf5 cxd6 {Black is a healthy P up in the _|_.} 23. Rc1 Qe7 24.
h4 Rd8 (24... Rf8 25. Rc8) 25. Rc8 {[#]} d5 $2 {Black gives back the P in
order to create an advanced o^ on the d <->.} ({However there is nothing wrong
with the quiet} 25... Rxc8 $1 26. Qxc8+ Kh7 27. Qf5+ g6 28. Qe4 h5 29. g3 b6
30. Qd5 Kg7 $17 {Bernhard-Hresc, Aschach 1994}) 26. Rxd8+ Qxd8 27. Qxe5 d4 28.
Kf1 d3 29. Ke1 {White can successfully blockade the o^.} Qxh4 30. Qb8+ Kh7 31.
Qxb7 {Now White has always good chances in a P _|_ because of the possibility
of creating a remote o^ on the <<.} Qg4 ({First} 31... Qf4 32. Kd1 {and now}
Qg4+ 33. f3 Qxg2 34. Qe4+ Qg6 35. Kd2 {- 31...Qg4} (35. Qe3 a6 36. Kd2 h5 $1
$19)) 32. f3 (32. Qe7 $5) 32... Qxg2 33. Qe4+ Qg6 34. Kd2 (34. Qe3 a6 35. Kd2
h5 $1) 34... h5 35. Kxd3 Kh6 36. Ke2 Qa6+ (36... Qxe4+ 37. fxe4 Kg5 $1 (37...
g5 $2 38. b4 g4 39. a4 $16) 38. Kf3 Kf6 39. b4 Ke5 40. b5 g5 41. a4 g4+ 42. Ke3
h4 43. a5 h3 44. Kf2 Kf4 45. b6 g3+ 46. Ke2 axb6 47. axb6 h2 48. b7 h1=Q 49.
b8=Q+ $11) 37. Kf2 Qxa2 38. Qf4+ Kh7 39. Qe4+ g6 40. Qe7+ Kg8 1/2-1/2

[Event "USA-ch"]
[Site "Seattle"]
[Date "2003.01.17"]
[Round "8"]
[White "Kudrin, Sergey"]
[Black "Kaufman, Larry C"]
[Result "1-0"]
[WhiteElo "2542"]
[BlackElo "2415"]
[Annotator "Lukacs,P"]
[PlyCount "75"]
[EventDate "2003.01.09"]
[EventType "swiss"]
[EventRounds "9"]
[EventCountry "USA"]
[SourceTitle "CBM 093"]
[Source "ChessBase"]
[SourceDate "2003.04.01"]
[SourceVersion "1"]
[SourceVersionDate "2003.04.01"]
[SourceQuality "1"]

1. e4 e5 2. Nf3 Nc6 3. Bc4 Bc5 4. c3 Nf6 5. d3 a6 6. Nbd2 d6 7. Nf1 {/\ Ng3
and after 0-0 White has spared Re1.} O-O 8. Ng3 h6 (8... Ba7 9. Bb3 Be6 {
- Kazhgaleyev-Malaniuk, WchT Luzern 1997 CBM 62}) 9. Bb3 Ba7 10. O-O (10. h3 {
White can certainly wait with castles, but not for long.} Be6 (10... d5 11.
exd5 Nxd5 12. O-O {- 10.0-0}) 11. Nh2 {/\ Qf3, Ng4, Nf5} Bxb3 (11... Qd7 12.
Qf3 Bxb3 13. axb3 Nh7 14. Ng4 Ne7 15. O-O c6 16. Ne3 Bxe3 $1 {This is the
typical equalizing method here.} 17. fxe3 g6 18. d4 h5 {White's light pieces
are out of play, the pressure on the semi-opened f <-> is not enough.} 19. Qd1
Rae8 20. c4 (20. dxe5 Nc8 {White's e pawns look rather pathetic.} 21. exd6 h4
22. Ne2 Nxd6 $132) 20... Nc8 21. d5 cxd5 22. cxd5 f5 23. b4 Nf6 24. b3 {
1/2:1/2 Kasimdzhanov-Piket, Hoogovens Wijk aan Zee 1999}) 12. axb3 d5 13. Qf3
dxe4 14. dxe4 Nh7 {/\ Ng5} 15. h4 Qd7 16. Ng4 Rad8 17. O-O Qd3 18. Ne3 Bxe3 $1
{The same old motif again!} 19. Bxe3 Ne7 {The N on c6 is badly placed in this
P structure.} 20. Rfd1 Qb5 21. b4 b6 22. b3 Qc6 23. c4 Rxd1+ 24. Rxd1 f5 $11 {
Tkachiev-Flear, Clichy 1995}) (10. Qe2 Be6 (10... Ne7 11. Nh4 {-
Fedorov-Rizouk, FIDE World Cup- C Shenyang 2000 CBM 79} (11. O-O Ng6 $11)) 11.
O-O Re8 12. Bxe6 Rxe6 13. Be3 Bxe3 14. Qxe3 d5 {Black has fully equalized.} 15.
Rad1 Qf8 16. Rfe1 Rd8 17. Qe2 g6 $11 {Nelksans-Ch.Gabriel, EU-chT Batumi 1999})
10... Re8 (10... Kh8 {is not so necessary now.} 11. h3 Be6 12. Nh2 {/\ Qf3,
Ng4, Nf5} Qd7 13. Qf3 Bxb3 14. axb3 Qe6 15. b4 d5 16. Ng4 dxe4 17. dxe4 Nxg4
18. hxg4 {White has some pressure on the >>.} Ne7 19. Nf5 $14 {
Beshukov-Stefansson, New York op 1996}) (10... Be6 11. h3 (11. Re1 Qd7 12. h3
Rad8 13. Qe2 Rfe8 14. Kh2 {This is not a usual plan here.} d5 15. Bc2 d4 $13 {
Velicka-Sherzer, Brno-B 1993}) 11... d5 12. Qe2 Re8 $13) 11. Re1 (11. h3 Be6 (
11... d5 12. exd5 Nxd5 {White has no real pressure against >< e5.} 13. Re1 Nf6
14. Bc2 Qd6 15. Nh4 Ne7 16. Bb3 g5 $5 17. Nf3 Nf5 18. Nxf5 Bxf5 19. Be3 Bxe3
20. Rxe3 Rad8 21. Qe1 {(Tkachiev-Guyard, Corsica rapid op 1997)} e4 $11) 12.
Re1 (12. Bc2 d5 13. exd5 Bxd5 14. Nh4 Qd7 15. Qe2 Rad8 {Black gets the upper
hand in the [+], >< d3 remains a structural weakness.} 16. Ne4 Qe6 $15 {
Rossi-Estrada Nieto, Istanbul ol (Men) 2000}) 12... Bxb3 13. Qxb3 Rb8 14. Nf5
d5 15. Qc2 Qd7 16. N3h4 {The N on f5 is strong, but there is no clear
continuation of the ->.} Re6 {The R is a good defender here.} 17. Qe2 dxe4 18.
dxe4 Rd8 19. Qf3 Qd3 20. Be3 Bxe3 21. Rxe3 Qc2 22. Re2 Qd3 23. Re3 {1/2:1/2
Hamdouchi-Tkachiev, Cap d'Agde-A 2002}) 11... Be6 (11... d5 12. exd5 Nxd5 {
is strongly met by the thematic} 13. d4 $1 $14) 12. Bxe6 fxe6 {Even with a R
on e6 this recapture is not without logic. The central squares are
well-protected.} (12... Rxe6 13. d4 (13. Qb3 Rb8) 13... d5 14. Nxe5 Nxe5 15.
dxe5 Nxe4 16. Nxe4 dxe4 17. Bf4 Qxd1 18. Raxd1 g5 19. Bg3 Rf8 20. Rd7 Bb6 21.
Re2 f5 22. exf6 Rf7 $11) 13. d4 Qd7 (13... exd4 14. cxd4 $14) 14. h3 Rad8 (
14... exd4 15. cxd4 Qf7 {deserved attention.}) 15. Be3 exd4 16. cxd4 d5 $2 {[#]
} (16... Qf7 {was again required!} 17. Qb3 Bb6 $11) 17. Ne5 $1 $16 {The idea
is based on the undefended B on a7.} ({On} 17. e5 {follows Black's main idea}
Ne4 $1 $13) 17... Nxe5 (17... Qd6 18. Nxc6 Qxc6 19. e5 Ne4 20. Nh5 $1 $16 {
and the e4 N is in trouble.}) 18. dxe5 Bxe3 19. exf6 $1 Ba7 {Other moves fail
to impress as well:} (19... Bb6 20. e5 $16) (19... Bg5 20. e5 gxf6 21. f4 $1
Bxf4 22. Nh5 $1 $16) 20. e5 g6 {Now White's -> on the >> is hard to parry.} 21.
b4 {against c7-c5.} Kh7 22. Rc1 Bb6 23. h4 $1 {The signal for the ->!} a5 24.
Qd3 $1 {/\ h5, the << is not important anymore.} axb4 25. h5 Qf7 26. Ne2 {
/\ Nf4} Ra8 (26... Rg8 27. Nf4 $18) 27. Nf4 Rg8 28. Qb1 Ra3 29. Kf1 ({The
clear-cut} 29. hxg6+ {was also winning:} Rxg6 30. Nxg6 Qxg6 31. Qxb4 Rg3 32.
Qe7+ Kh8 33. f7 Rxg2+ 34. Kh1 $18) 29... c5 30. Rcd1 Ba5 {[#]} 31. Rxd5 $1 {
clearing the way for two connected passed pawns on the 6-th rank.} exd5 32.
hxg6+ Rxg6 33. e6 $1 Qxf6 34. e7 {and the new Q cannot be stopped.} Qxf4 35.
e8=Q Qc4+ 36. Kg1 Rd3 37. Qf7+ Rg7 38. Qf5+ 1-0